| 000 | 01255cam a22001814a 4500 | ||
|---|---|---|---|
| 005 | 20250605163501.0 | ||
| 008 | 250528s ||||||||||||||||||||||||d | ||
| 035 | _a20256 | ||
| 040 |
_aGR-AtMCL _bgre _dGR-AtMCL _eAACR2 |
||
| 245 | 1 | _aΠειραματική Αντοχή των Υλικών / Πανσπουδαστικόν Φροντιστήριον | |
| 260 |
_bΑθήνα, _c1970 |
||
| 300 | _a240 | ||
| 520 | _aΤυπολόγιον - Ορισμοί, Δοκιμαί εις Σύνθετον Καταπόνησιν, Κριτήριον Ενάρξεως Λαιμού, Εύρεσις Κύριων Παραμορφώσεων Θραύσεως, Σκληροτής, Τάσεις Κρούσεως, Δυναμική Κόπωσις, Θεωρίαι Αστοχίας εις την Κόπωσιν, Παραμορφώσεις Ερπυσμού εις Τριαξονικήν, Καταπόνησιν (Θεωρία Saint Vainant), Συντελεστής Ασφάλειας κατά Morr, Κατασκευή Περιβαλλούσης Θραύσεως Δοκιμίου Σκυροδέματος, Ερωτήσεις - Απαντήσεις, Γενικαί Ασκήσεις. | ||
| 700 | 1 | _aΞυνής Σοφοκλής | |
| 942 | _cBK | ||
| 999 |
_c5387 _d5387 |
||